Дело о выкупе земельных наделов временнообязанными крестьянами графа А.В. Бобринского сельца Рышкова Кромского уезда Орловской г...

Доступно только в Электронных читальных залах Найти на картеНа карте
RUSMARC
00004102nmc2a2200000 x 450
00120f6cd81-60b7-4075-980d-e49622f0659a
00520170914034716.0
100##$a20140331l18831884k l0rusy0189 ca
1010#$arus
102##$aRU
2001#$aДело о выкупе земельных наделов временнообязанными крестьянами графа А.В. Бобринского сельца Рышкова Кромского уезда Орловской губернии
$j24 декабря 1883 г. - 19 сентября 1884 г.
251##$cДело
300##$aДело
300##$aОриг. заголовок дела: Дело графа Бобринского А.В. Орловской губернии Кромского уезда сельца Рышкова. 24 декабря 1883 г. - 19 сентября 1884 г
801#0$aRU
$bРГИА
$c20140331
$gRCR
801#1$aRU
$bГлавНИВЦ
$c20140331
$2rusmarc
801#2$aRU
$bПБ им. Б.Н. Ельцина
$c20170914
$gRCR
$2rusmarc
850##$aРГИА
852##$aРГИА
$eФедеральное казенное учреждение "Российский государственный исторический архив" (РГИА)
$j1358
937##$hРГИА
$d11024004
$aASBIBLIO_SCAN
462#0$10012327ab3a-0548-404e-b4cb-e37355ac5039
$12001
$a1863-1889 гг.
$1251
$cОпись
$1852
$j26
461#0$10018ef30ad5-ff5c-4840-a721-74c62a200f95
$12001
$aГлавное выкупное учреждение Министерства финансов
$1251
$cФонд
$1852
$j577
215##$a46 л.
$d36,5х26 см
371##$aДокумент не является опубликованным и широко распространяемым
105##$ay###
1222#$ad
5171#$aДело графа Бобринского А.В. Орловской губернии Кромского уезда сельца Рышкова. 24 декабря 1883 г. - 19 сентября 1884 г
035##$a20f6cd81-60b7-4075-980d-e49622f0659a
856##$uhttp://readingroom.main.prlib.ru/item.aspx?id_node=n104659234&mode=full
Формат отображения